Best practice guidance notes for the technical due diligence of commercial & industrial property in Australia (Record no. 112123)

MARC details
000 -LEADER
fixed length control field 01284cad a22002175a 4500
001 - CONTROL NUMBER
control field E152571
008 - FIXED-LENGTH DATA ELEMENTS--GENERAL INFORMATION
fixed length control field 110329s2009 xxk 000 0 eng u
035 ## - SYSTEM CONTROL NUMBER
System control number (Sirsi) u152571
041 0# - LANGUAGE CODE
Language code of text/sound track or separate title eng
110 2# - MAIN ENTRY--CORPORATE NAME
Corporate name or jurisdiction name as entry element Royal Institution of Chartered Surveyors
Subordinate unit Oceania
9 (RLIN) 5802
245 00 - TITLE STATEMENT
Title Best practice guidance notes for the technical due diligence of commercial & industrial property in Australia
Statement of responsibility, etc. [old edition]
260 ## - PUBLICATION, DISTRIBUTION, ETC.
Place of publication, distribution, etc. Sydney
Name of publisher, distributor, etc. RICS Oceania
Date of publication, distribution, etc. 2009
490 #0 - SERIES STATEMENT
Series statement RICS Guidance Note
520 ## - SUMMARY, ETC.
Summary, etc. The purpose of this document is to provide practical guidance to property professionals (being the professional providing the Technical Due Diligence services) and their Clients (being the recipient of those services) when providing, or receiving, professional advice in connection with Technical Due Diligence exercises which relate to transactions involving real estate and improvements.
520 ## - SUMMARY, ETC.
Summary, etc. Superseded by Technical due diligence of commercial property 1st edition, global guidance note (ISBN 9781783213788)
590 ## - LOCAL NOTE (RLIN)
Local note KA
651 #4 - SUBJECT ADDED ENTRY--GEOGRAPHIC NAME
Geographic name Australia
690 ## - LOCAL SUBJECT ADDED ENTRY--TOPICAL TERM (OCLC, RLIN)
Topical term or geographic name as entry element PROPERTY-ACQUISITION AND DISPOSAL OF PROPERTY
856 40 - ELECTRONIC LOCATION AND ACCESS
Uniform Resource Identifier <a href="https://www.rics.org/profession-standards/knowledge-and-information-services">https://www.rics.org/profession-standards/knowledge-and-information-services</a>
Public note Request an archived copy from [email protected]
942 ## - ADDED ENTRY ELEMENTS (KOHA)
Suppress in OPAC 0
Source of classification or shelving scheme Dewey Decimal Classification
Holdings
Withdrawn status Lost status Source of classification or shelving scheme Damaged status Not for loan Home library Current library Shelving location Date acquired Total Checkouts Full call number Barcode Date last seen Copy number Price effective from Koha item type
    Dewey Decimal Classification     Virtual Virtual Online 29/03/2011   ARCHIVED 152571-1001 06/07/2023 1 06/08/2019 Online material